Season 9 SNL Hosts by Picture - Statistics

General Stats
  • This quiz has been taken 31 times
  • The average score is 10 of 18
Answer Stats
Picture Answer % Correct
John Candy
97%
Robin Williams
97%
Billy Crystal
93%
Danny DeVito
93%
Michael Douglas
90%
Rhea Perlman
80%
The Smothers Brothers
70%
Don Rickles
67%
Teri Garr
60%
Jerry Lewis
53%
Flip Wilson
33%
Michael Palin
30%
Don Novello
23%
George McGovern
23%
Barry Bostwick
17%
Betty Thomas
13%
Brandon Tartikoff
10%
Edwin Newman
7%
No matching quizzes found
Score Distribution
Percent of People with Each Score
Percentile by Number Answered
Your Score History
You have not taken this quiz